| 000 | 00491nam a22001697a 4500 | ||
|---|---|---|---|
| 020 | _a0-13-589706-8 | ||
| 082 |
_a624.15 _bCOD _cN-02, P-11 |
||
| 100 |
_aCoduto, Donalid P _942377 |
||
| 245 | _aFoundation Design : Priniciples and Practices, | ||
| 250 | _a2nd ed. | ||
| 260 |
_aUSA _bPrentice Hall _c2001 |
||
| 300 |
_axxii, 883 p. : _bill. : _c12 Cm |
||
| 526 |
_a0 _b0 _c0 _d624_150000000000000_COD |
||
| 526 |
_a0 _b1 _c0 _d624_150000000000000_COD |
||
| 650 |
_aNUST _96342 |
||
| 942 |
_2ddc _cBK |
||
| 999 |
_c546286 _d546286 |
||